| 000 | 00340nam a2200133Ia 4500 | ||
|---|---|---|---|
| 008 | 240624s9999 xx 000 0 und d | ||
| 041 | _aeng | ||
| 082 | _a658.4012 ICF | ||
| 100 | _aICFAI | ||
| 245 | _aCASE STUDIES IN BUSINESS STRATEGY III | ||
| 260 |
_c2004 _aHyderabad _bICFAI University |
||
| 300 | _a173 : p. : cm. ; 27 | ||
| 365 |
_cRS _b25 |
||
| 999 |
_c8307 _d8307 |
||